[Event "Druzynowe Mistrzostwa Polski II Liga"]
[Site "Szklarska Poreba"]
[Date "1899-12-30"]
[Round "3.78"]
[White "Wierzbowska, Aleksandra"]
[Black "Moscicka, Pola"]
[Result "1/2-1/2"]
[WhiteTitle "I+"]
[BlackTitle "k+"]
[WhiteElo "1694"]
[BlackElo "1894"]

1. d4 Nf6 2. c4 c5 3. d5 e6 4. Nc3 exd5 5. cxd5 d6 6. e4 g6 7. Bd3 Bg7 8. Nf3 O-O
9. h3 a6 10. a4 Nbd7 11. Bf4 Qe7 12. O-O Ne8 13. Qc2 Nc7 14. Ne2 Rb8 15. a5 Ne8
16. Rfe1 b5 17. axb6 Rxb6 18. Ned4 Bb7 19. Nc6 Bxc6 20. dxc6 Rxc6 21. Rxa6 Rxa6
22. Bxa6 Nc7 23. Bf1 Ne6 24. Be3 Rb8 25. b3 Ne5 26. Nxe5 Bxe5 27. Bc4 Rb4 28.
Qa2 Qc7 29. Bd2 Rb7 30. Be3 Rb4 1/2-1/2

[Event "Druzynowe Mistrzostwa Polski II Liga"]
[Site "Szklarska Poreba"]
[Date "1899-12-30"]
[Round "3.79"]
[White "Buraczewski, Rafal"]
[Black "Stysiak, Szymon"]
[Result "1-0"]
[WhiteTitle "k"]
[BlackTitle "k"]
[WhiteElo "2220"]
[BlackElo "2191"]

1. d4 d5 2. Nf3 Nf6 3. c4 e6 4. Nc3 c6 5. Bg5 Be7 6. e3 Nbd7 7. Qc2 O-O 8. Rd1
h6 9. Bh4 b6 10. cxd5 exd5 11. Bd3 Bb7 12. O-O Re8 13. Ne5 Ne4 14. Bxe7 Qxe7 15.
Bxe4 dxe4 16. Nxd7 Qxd7 17. Nxe4 Qf5 18. f3 c5 19. dxc5 bxc5 20. Qb3 Bxe4 21.
fxe4 Qe6 22. Qxe6 Rxe6 23. Rd7 f6 24. Rc1 Re5 25. Rc4 Rb8 26. b3 Rb4 27. Rxb4
cxb4 28. Rxa7 Rxe4 29. Kf2 Kh7 30. Ke2 Rg4 31. Kf3 f5 32. Rc7 Rg6 33. Rf7 Rg5
34. h3 Rh5 35. Rc7 1-0

[Event "Druzynowe Mistrzostwa Polski II Liga"]
[Site "Szklarska Poreba"]
[Date "1899-12-30"]
[Round "3.80"]
[White "Kaminski, Piotr"]
[Black "Mickiewicz, Piotr"]
[Result "1-0"]
[WhiteTitle "k"]
[BlackTitle "m"]
[WhiteElo "2129"]
[BlackElo "2295"]

1. d4 Nf6 2. c4 d6 3. Nf3 Nbd7 4. Nc3 e5 5. d5 a5 6. g3 Nc5 7. Bg2 g6 8. O-O Bg7
9. Ne1 e4 10. Bg5 h6 11. Be3 Qe7 12. Qd2 h5 13. Nb5 O-O 14. Nc2 Ng4 15. Bd4 Ne5
16. b3 c6 17. Nc3 f5 18. Rad1 h4 19. dxc6 bxc6 20. Bxc5 dxc5 21. Na4 hxg3 22.
hxg3 Ng4 23. Bh3 f4 24. Qd6 Qg5 25. Qxc6 Nxf2 26. Be6+ Kh8 27. Rxf2 Bxe6 28. Rh2+
Bh6 29. Qxe6 fxg3 30. Rg2 Rf4 31. Qd5 Qh4 32. Qxa8+ Rf8 33. Qd5 Bg5 34. Qe5+ Ra8
35. Qd6 Rf8 36. Qe6 1-0

[Event "Druzynowe Mistrzostwa Polski II Liga"]
[Site "Szklarska Poreba"]
[Date "1899-12-30"]
[Round "3.81"]
[White "Pazderski, Ziemowit"]
[Black "Szmyd, Arkadiusz"]
[Result "1-0"]
[WhiteTitle "k+"]
[BlackTitle "k"]
[WhiteElo "2266"]
[BlackElo "2136"]

1. c4 e5 2. Nc3 Nf6 3. g3 Nc6 4. Bg2 Bb4 5. Nd5 O-O 6. Nxb4 Nxb4 7. d3 Re8 8. a3
Nc6 9. b4 h6 10. Bb2 d5 11. cxd5 Nxd5 12. Nf3 Bg4 13. O-O Bxf3 14. Bxf3 Nd4 15.
Bg2 c6 16. e3 Nb5 17. Qb3 a6 18. Rfd1 Qd7 19. Rac1 Rad8 20. Rc5 Qd6 21. Qa2 Nbc7
22. Qa1 f6 23. Qa2 Kh8 24. Rc2 Qe6 25. Qc4 Ne7 26. Qh4 Qb3 27. Rcd2 Qe6 28. Be4
Nb5 29. Bf3 Qf5 30. Bg4 Qg5 31. Qh3 f5 32. Bh5 Ng6 33. Kh1 Re6 34. f4 Qf6 35.
Rg1 1-0

[Event "Druzynowe Mistrzostwa Polski II Liga"]
[Site "Szklarska Poreba"]
[Date "1899-12-30"]
[Round "3.82"]
[White "Knopik, Krzysztof"]
[Black "Maciaga, Marcin"]
[Result "1-0"]
[WhiteTitle "k"]
[BlackTitle "k+"]
[WhiteElo "2098"]
[BlackElo "2090"]

1. e4 c5 2. Nf3 g6 3. Bc4 Bg7 4. Nc3 Nc6 5. O-O e6 6. d3 Nge7 7. Bf4 a6 8. a4 d5
9. Bb3 d4 10. Ne2 e5 11. Bg3 f6 12. h3 Na5 13. Ba2 Qb6 14. Nd2 g5 15. c3 dxc3
16. bxc3 f5 17. f3 g4 18. fxg4 f4 19. Bf2 h5 20. gxh5 Qf6 21. Bxc5 Qg5 22. Bxe7
Kxe7 23. Nf3 Qxh5 24. Rf2 Bxh3 25. gxh3 Qxh3 26. Nh2 Bf6 27. Kh1 Qe3 28. Qf1 Qxd3
29. Bd5 Nc4 30. Nxf4 Qxf1+ 31. Raxf1 exf4 32. Bxc4 Bxc3 33. Kg2 b5 34. Bd5 Rab8
35. axb5 Rxb5 36. Rxf4 a5 37. Ng4 a4 38. Rf7+ Kd6 39. Rc1 Rb2+ 40. Kg3 Rc8 41.
Ra7 Rd2 42. Kf4 Rd3 43. Ra6+ Ke7 44. Rxc3 Rcxc3 45. Rxa4 Ra3 46. Rb4 Rd1 47. Ke5
Ra7 48. Ne3 Rh1 49. Be6 Ra8 50. Nf5+ Kf8 51. Rb7 Rh5 52. Kf6 Rxf5+ 53. exf5 Rd8
54. Rh7 1-0

[Event "Druzynowe Mistrzostwa Polski II Liga"]
[Site "Szklarska Poreba"]
[Date "1899-12-30"]
[Round "3.83"]
[White "Krasiewicz, Robert"]
[Black "Zawierucha, Aleksander"]
[Result "1/2-1/2"]
[WhiteTitle "k+"]
[BlackTitle "k"]
[WhiteElo "2005"]
[BlackElo "1907"]

1. d4 d5 2. Nf3 Nf6 3. e3 e6 4. Bd3 c5 5. b3 Nc6 6. Bb2 Bd6 7. Nbd2 cxd4 8. exd4
O-O 9. a3 Bd7 10. O-O Rc8 11. Ne5 Qb6 12. Ndf3 Rfd8 13. Qe2 Be8 14. Rfe1 a6 15.
Rad1 Na7 16. h3 Rc7 17. Rd2 Rdc8 18. Qe3 Bf8 19. c4 Qd6 20. c5 Qd8 21. Bc3 Re7
22. Ra2 Bb5 23. Bb1 b6 24. a4 Be8 25. b4 b5 26. Bd3 Ra8 27. axb5 Nxb5 28. Bd2
Rea7 29. Rea1 Qc7 30. Ne1 Qb7 31. Nc2 Ne4 32. Be1 Be7 33. f3 Bg5 34. f4 Bd8 35.
Bxe4 dxe4 36. Nc4 Qc6 37. Nd2 f5 38. Nc4 Bf6 39. Nb6 Rd8 40. Bc3 Nxc3 41. Qxc3
Qc7 42. g3 Bb5 43. Nc4 Qc6 44. Ra5 Rad7 45. Rd1 e3 46. N4xe3 Qf3 47. Kh2 Qf2+
48. Ng2 Bxd4 49. Nxd4 Rxd4 50. Rxd4 Rxd4 51. Ra2 Qxa2 52. Qxd4 Bf1 53. Qd8+ Kf7
54. Qd7+ Kg6 55. Qc6 Bc4 56. Kg1 Bd5 57. Nh4+ Kf6 58. Qb6 Qb1+ 59. Kf2 Qc2+ 60.
Ke3 Qc3+ 61. Ke2 Bc4+ 62. Kd1 Qd3+ 63. Kc1 Qc3+ 64. Kd1 Qd3+ 65. Kc1 Qc3+ 66.
Kd1 Qd3+ 67. Kc1 Bb3 1/2-1/2

[Event "Druzynowe Mistrzostwa Polski II Liga"]
[Site "Szklarska Poreba"]
[Date "1899-12-30"]
[Round "3.84"]
[White "Gonsior, Monika"]
[Black "Andrejczuk, Beata"]
[Result "1-0"]
[WhiteTitle "m"]
[BlackTitle "WFM"]
[WhiteElo "1974"]
[BlackElo "2088"]

1. e4 d5 2. exd5 Qxd5 3. Nc3 Qa5 4. Nf3 Nf6 5. d3 c6 6. h3 Bf5 7. Be2 e6 8. O-O
Bd6 9. Ne4 Be7 10. Bd2 Qc7 11. Nxf6+ Bxf6 12. Bc3 Nd7 13. Qd2 h6 14. Rfe1 O-O-O
15. Qe3 Kb8 16. a4 g5 17. Bxf6 Nxf6 18. Qe5 Nd5 19. Qxc7+ Kxc7 20. Ne5 Rdf8 21.
Bh5 f6 22. Nf7 Rh7 23. g4 Nf4 24. gxf5 exf5 25. Re7+ Kb6 26. Rae1 Nxh5 27. Nd6
Rxe7 28. Rxe7 Nf4 29. b4 Rb8 30. c4 Nxd3 31. c5+ Ka6 32. b5+ cxb5 33. axb5+ Ka5
34. c6 bxc6 35. bxc6 Rb1+ 36. Kh2 Ne5 37. c7 Nf3+ 38. Kg3 Nh4 39. f4 Rb3+ 40.
Kf2 Rb2+ 41. Re2 1-0

[Event "Druzynowe Mistrzostwa Polski II Liga"]
[Site "Szklarska Poreba"]
[Date "1899-12-30"]
[Round "3.85"]
[White "Nowicki, Bartosz"]
[Black "Paprocki, Jaroslaw"]
[Result "1/2-1/2"]
[WhiteTitle "k++"]
[BlackTitle "k"]
[WhiteElo "2261"]
[BlackElo "2161"]

1. e4 e5 2. Nf3 Nc6 3. Bb5 Nf6 4. d3 d6 5. O-O Be7 6. Re1 O-O 7. Nbd2 a6 8. Bxc6
bxc6 9. Nf1 Re8 10. Ng3 Rb8 11. b3 c5 12. c3 Bf8 13. d4 exd4 14. cxd4 Bb7 15.
Bg5 h6 16. Bxf6 Qxf6 17. dxc5 dxc5 18. Qc2 Bd6 19. Rad1 Qf4 20. Qd2 Qxd2 21. Nxd2
Be5 22. Rc1 Bf4 23. Rc2 Rbd8 24. Ndf1 Bd6 25. f3 Bc8 26. Ne3 Be6 27. Ne2 Bd7 28.
Kf2 a5 29. Nc3 Be5 30. g3 Bd4 31. Ne2 Be6 32. Nxd4 cxd4 33. Nf1 a4 34. bxa4 Ra8
35. Rxc7 Rxa4 36. Rc2 Bxa2 37. Ra1 Rea8 38. Nd2 Ra3 39. f4 R8a4 40. Nf3 f5 41.
Nxd4 fxe4 42. Nb5 Rf3+ 43. Kg2 Bb3 44. Rxa4 Bxc2 45. Ra8+ Kh7 46. Nd4 Rd3 47.
Nxc2 Rd2+ 48. Kh3 Rxc2 49. Re8 Re2 50. Kg4 Kg6 51. f5+ Kf7 52. Re6 Rxh2 1/2-1/2

[Event "Druzynowe Mistrzostwa Polski II Liga"]
[Site "Szklarska Poreba"]
[Date "1899-12-30"]
[Round "3.86"]
[White "Wisniewski, Przemyslaw"]
[Black "Parol, Pawel"]
[Result "1/2-1/2"]
[WhiteTitle "k"]
[BlackTitle "k"]
[WhiteElo "2010"]
[BlackElo "2086"]

1. Nf3 d5 2. b3 Bg4 3. Bb2 e6 4. e3 Nf6 5. Be2 Nbd7 6. O-O Bd6 7. d4 O-O 8. Ne5
Bxe2 9. Qxe2 c5 10. Nxd7 Nxd7 11. dxc5 Bxc5 12. Nd2 Qe7 13. c4 dxc4 14. Nxc4 Rfd8
15. Rfd1 Nb6 16. Nxb6 Bxb6 17. Rxd8+ Rxd8 18. Rd1 Rd7 19. g3 Qd8 20. Rxd7 Qxd7
21. Qg4 f5 22. Qh5 Bd8 23. h4 Bf6 24. Bxf6 gxf6 25. Qe2 Kg7 26. Qc2 b6 27. b4
b5 28. a3 Kg8 29. Qc5 Kg7 30. Qc2 Kg8 31. Qc5 Kg7 32. h5 h6 1/2-1/2

[Event "Druzynowe Mistrzostwa Polski II Liga"]
[Site "Szklarska Poreba"]
[Date "1899-12-30"]
[Round "3.87"]
[White "Suliborski, Jakub"]
[Black "Rak, Tomasz"]
[Result "1/2-1/2"]
[WhiteTitle "I++"]
[BlackTitle "k"]
[WhiteElo "2090"]
[BlackElo "2051"]

1. e4 c5 2. Nf3 Nc6 3. Bb5 Nd4 4. Nxd4 cxd4 5. O-O a6 6. Bc4 e6 7. c3 Bc5 8. Qe2
Ne7 9. d3 d5 10. Bb3 O-O 11. Nd2 Bd7 12. Bc2 Nc6 13. a3 Ba7 14. c4 dxc4 15. Nxc4
b5 16. Nd2 e5 17. Bb3 Kh8 18. f4 exf4 19. Rxf4 Bb8 20. Rf2 Ne5 21. Nf1 Bg4 22.
Qd2 Bd6 23. h3 Be6 24. Qd1 Qe7 25. Bf4 Ng6 26. Bxd6 Qxd6 27. Nh2 a5 28. Nf3 a4
29. Bxe6 fxe6 30. Qd2 h6 31. Raf1 e5 32. g3 Rf6 33. Nh2 Raf8 34. Rxf6 Rxf6 35.
Rxf6 Qxf6 36. Kg2 Qc6 37. Nf3 Qc5 38. Ne1 Ne7 39. Qc2 Qxc2+ 40. Nxc2 Nc6 41. Kf2
Kg8 42. Nb4 1/2-1/2

[Event "Druzynowe Mistrzostwa Polski II Liga"]
[Site "Szklarska Poreba"]
[Date "1899-12-30"]
[Round "3.88"]
[White "Budnik, Mateusz"]
[Black "Parol, Pola"]
[Result "1-0"]
[WhiteTitle "I++"]
[BlackTitle "k+"]
[WhiteElo "1935"]
[BlackElo "1968"]

1. e4 c5 2. Nf3 d6 3. d4 cxd4 4. Nxd4 Nf6 5. Nc3 a6 6. h3 e6 7. g4 h6 8. Bg2 Be7
9. Be3 Nc6 10. Nxc6 bxc6 11. O-O O-O 12. Na4 Rb8 13. c4 Qc7 14. b3 Rd8 15. Qc2
c5 16. Rad1 Bd7 17. Nc3 Bc6 18. Rd2 a5 19. Rfd1 Rb4 20. e5 Ne8 21. Nb5 Bxb5 22.
a3 Bc6 23. axb4 Bxg2 24. Kxg2 axb4 25. Qe4 Rc8 26. Bf4 dxe5 27. Bxe5 Qc6 28. Qxc6
Rxc6 29. Ra1 f6 30. Bg3 Nd6 31. Ra8+ Kh7 32. Ra7 Bf8 33. f3 e5 34. Bf2 Nc8 35.
Ra8 Be7 36. Rb8 Nb6 37. Rb7 Bd6 38. Kf1 Bc7 39. Ra2 Nc8 40. Rb5 Bb6 41. Ra6 Rd6
42. Ra8 Ne7 43. Bxc5 Bxc5 44. Rxc5 Rd3 45. Rc7 Ng6 46. Raa7 Nf4 47. Rxg7+ Kh8
48. Rgd7 Rxf3+ 49. Ke1 Re3+ 50. Kd2 Re2+ 51. Kd1 1-0

[Event "Druzynowe Mistrzostwa Polski II Liga"]
[Site "Szklarska Poreba"]
[Date "1899-12-30"]
[Round "3.89"]
[White "Zychowicz, Marcin"]
[Black "Zebracki, Jaroslaw"]
[Result "1-0"]
[WhiteTitle "II+"]
[BlackTitle "I"]
[WhiteElo "1857"]
[BlackElo "1868"]

1. e4 e6 2. d4 d5 3. Nc3 Nf6 4. Bg5 Bb4 5. e5 h6 6. Bd2 Bxc3 7. bxc3 Ne4 8. Bd3
Nxd2 9. Qxd2 c5 10. Nf3 c4 11. Be2 Nd7 12. Qf4 Qa5 13. Kd2 Nb6 14. g4 Na4 15.
Qe3 Bd7 16. h4 O-O-O 17. h5 f5 18. Nh4 f4 19. Qf3 Be8 20. Rh3 Qb6 21. Qh1 Rf8
22. Qb1 Qc7 23. Qb4 Qd7 24. Rhh1 1-0

[Event "Druzynowe Mistrzostwa Polski II Liga"]
[Site "Szklarska Poreba"]
[Date "1899-12-30"]
[Round "3.90"]
[White "Borkowska, Zuzanna"]
[Black "Rykala, Monika"]
[Result "0-1"]
[WhiteTitle "I"]
[BlackTitle "I++"]
[WhiteElo "1634"]
[BlackElo "1863"]

1. e4 c5 2. Nf3 d6 3. c3 Nf6 4. h3 Nc6 5. Bd3 e5 6. O-O Be7 7. Bc2 d5 8. d3 O-O
9. Nbd2 d4 10. Nc4 Qc7 11. Nh2 b5 12. Na3 a6 13. f4 exf4 14. Bxf4 Bd6 15. Bxd6
Qxd6 16. c4 Rb8 17. Nf3 Be6 18. b3 Qg3 19. Qe1 Qxe1 20. Raxe1 Nb4 21. Bb1 bxc4
22. Nxc4 Bxc4 23. bxc4 Nd7 24. a3 Nc6 25. Ba2 Rb2 26. Rf2 Rfb8 27. Ree2 R2b6 28.
Kf1 Nde5 29. Rd2 f6 30. Ke1 a5 31. Kd1 a4 32. Ne1 Na5 33. g4 h6 34. Rg2 Kf7 35.
Rh2 Ke6 36. Rhf2 g5 37. Rf5 Ke7 38. Rc2 Rh8 39. Rg2 h5 40. Kc2 hxg4 41. hxg4 Rh3
42. Rff2 Re3 43. Rf1 Nxg4 44. Nf3 Rxe4 45. dxe4 Ne3+ 46. Kd3 Nxg2 47. Rf2 Nf4+
48. Kc2 Nc6 49. Nd2 Ne5 50. Bb1 Ng4 51. Rf3 Ne3+ 0-1

[Event "Druzynowe Mistrzostwa Polski II Liga"]
[Site "Szklarska Poreba"]
[Date "1899-12-30"]
[Round "3.91"]
[White "Grochowalski, Pawel"]
[Black "Maciejewski, Waldemar"]
[Result "1-0"]
[WhiteTitle "k+"]
[BlackTitle "k"]
[WhiteElo "2134"]
[BlackElo "2107"]

1. d4 Nf6 2. Bg5 Ne4 3. Bf4 d5 4. e3 e6 5. Nd2 Nxd2 6. Qxd2 c5 7. c3 Nc6 8. Nf3
cxd4 9. exd4 Bd6 10. Bd3 a6 11. O-O Bxf4 12. Qxf4 Qf6 13. Qg3 h6 14. Rae1 O-O
15. Ne5 Nxe5 16. Rxe5 Bd7 17. Rfe1 b5 18. R1e3 b4 19. Rh5 Kh8 20. Qh3 Rad8 21.
Rf3 e5 22. dxe5 Qc6 23. Qh4 Rde8 24. Rf6 Qxf6 25. exf6 Re1+ 26. Bf1 Bb5 27. Rxh6+
gxh6 28. Qxh6+ Kg8 29. Qg7# 1-0

[Event "Druzynowe Mistrzostwa Polski II Liga"]
[Site "Szklarska Poreba"]
[Date "1899-12-30"]
[Round "3.92"]
[White "Koszkul, Wojciech"]
[Black "Baumann, Dariusz"]
[Result "0-1"]
[WhiteTitle "I++"]
[BlackTitle "k"]
[WhiteElo "2058"]
[BlackElo "2067"]

1. d4 d5 2. c4 c6 3. e3 Nf6 4. Nf3 Bf5 5. Nc3 e6 6. Be2 h6 7. O-O Nbd7 8. a3 Bd6
9. c5 Bc7 10. b4 a6 11. Bb2 O-O 12. a4 e5 13. b5 axb5 14. axb5 e4 15. Rxa8 Qxa8
16. Nh4 Bh7 17. b6 Bd8 18. g3 Ne8 19. Ng2 f5 20. Nf4 Nef6 21. Qb3 Kh8 22. Ra1
Qc8 23. Ne6 Re8 24. Nxd8 Rxd8 25. Bf1 Nf8 26. Ra7 g5 27. Na2 Ne6 28. Nb4 Rg8 29.
Qa4 Nd8 30. Ra8 Qd7 31. Ra7 f4 32. Ba6 Qh3 33. Bf1 Qf5 34. Qc2 Bg6 35. Bc1 Bh5
36. Be2 fxg3 37. fxg3 Bxe2 38. Qxe2 Rf8 39. Qf2 Qg4 40. Ra8 Qe6 41. Bd2 Nh7 42.
Qg2 g4 43. Ra1 Ng5 44. Nc2 Nh3+ 45. Kh1 Rf2 0-1

[Event "Druzynowe Mistrzostwa Polski II Liga"]
[Site "Szklarska Poreba"]
[Date "1899-12-30"]
[Round "3.93"]
[White "Kulinski, Krzysztof"]
[Black "Lipien, Wieslaw"]
[Result "0-1"]
[WhiteTitle "k"]
[BlackTitle "I++"]
[WhiteElo "2078"]
[BlackElo "2030"]

1. Nf3 Nf6 2. g3 g6 3. Bg2 Bg7 4. O-O O-O 5. c4 d6 6. Nc3 e5 7. d4 Nc6 8. d5 Ne7
9. e4 h6 10. h3 Ne8 11. Ne1 f5 12. Nd3 g5 13. f4 exf4 14. gxf4 Bxc3 15. bxc3 fxe4
16. Bxe4 Bxh3 17. Rf2 Nf6 18. Bg2 Bxg2 19. fxg5 Be4 20. gxf6 Ng6 21. Bxh6 Rxf6
22. Qd2 Rxf2 23. Nxf2 Bf5 24. Bg5 Qd7 25. Bf6 Rf8 26. Qg5 Qf7 27. Bd4 Qe7 28.
Qxe7 Nxe7 29. Re1 Kf7 30. Ne4 Rg8+ 31. Kf2 Rg4 32. Ng3 Bd3 33. Kf3 Rg8 34. Rh1
Bxc4 35. Rh7+ Ke8 36. Nh5 Nxd5 37. a3 Kd8 38. Ng7 Rf8+ 39. Kg3 Kc8 40. Ne6 Rg8+
41. Kf3 Re8 42. Ng7 Rf8+ 43. Kg3 c5 44. Ne6 Rg8+ 45. Bg7 Nf6 46. Rh8 Bxe6 47.
Rxg8+ Nxg8 0-1

[Event "Druzynowe Mistrzostwa Polski II Liga"]
[Site "Szklarska Poreba"]
[Date "1899-12-30"]
[Round "3.94"]
[White "Kmiecik, Wojciech"]
[Black "Cichocki, Konrad"]
[Result "1/2-1/2"]
[WhiteTitle "I+"]
[BlackTitle "I+"]
[WhiteElo "1984"]
[BlackElo "1864"]

1. e4 e5 2. Nf3 Nc6 3. Bb5 Nf6 4. O-O Nxe4 5. d4 Nd6 6. Bxc6 dxc6 7. dxe5 Nf5 8.
Bg5 Qxd1 9. Rxd1 Be6 10. Nc3 h6 11. Bf4 g5 12. Bg3 Bg7 13. Ne4 Ke7 14. h3 Nxg3
15. Nxg3 Rad8 16. b3 c5 17. c4 Rxd1+ 18. Rxd1 a5 19. a4 Rd8 20. Rxd8 Kxd8 21.
Ne4 b6 22. g4 Ke7 23. Ng3 Bd7 24. Nf5+ Kf8 25. Kg2 Bc6 26. Kg3 Be4 27. Nxg7 Kxg7
28. Nd2 Bd3 29. f4 c6 30. Kf3 gxf4 31. Kxf4 Kf8 32. g5 h5 33. e6 fxe6 34. h4 Bg6
35. Ne4 Ke7 36. Ke5 Bf5 37. Kf4 Bg4 38. Ke5 Bf5 39. Kf4 1/2-1/2

[Event "Druzynowe Mistrzostwa Polski II Liga"]
[Site "Szklarska Poreba"]
[Date "1899-12-30"]
[Round "3.95"]
[White "Augustowski, Janusz"]
[Black "Guziewicz, Wojciech"]
[Result "1-0"]
[WhiteTitle "I"]
[BlackTitle "I"]
[WhiteElo "1804"]
[BlackElo "1836"]

1. d4 Nf6 2. Nf3 e6 3. g3 d5 4. Bg2 c5 5. O-O Nc6 6. c3 cxd4 7. cxd4 Be7 8. Nc3
O-O 9. a3 a6 10. Bf4 b5 11. b4 Bb7 12. Qb3 Bd6 13. Bxd6 Qxd6 14. Rfd1 Rfc8 15.
e3 Rc7 16. Ne1 Rac8 17. Rac1 Nb8 18. Nd3 Nbd7 19. Nc5 Nb6 20. a4 bxa4 21. N3xa4
Nfd7 22. Nxb7 Rxb7 23. Nc5 Ra7 24. Ra1 a5 25. Rxa5 Rxa5 26. bxa5 Nc4 27. Nxd7
Qxd7 28. a6 Qa7 29. Qb7 Ra8 30. Qxa7 Rxa7 31. Ra1 Kf8 32. e4 dxe4 33. Bxe4 Ke7
34. Rc1 Nd6 35. Bd3 Kd7 36. Kg2 g6 37. Kf3 f6 38. h4 e5 39. dxe5 fxe5 40. Ra1
Ke6 41. g4 Kd5 42. Ra5+ Kd4 43. Be2 Rf7+ 44. Kg2 Ra7 45. f3 h6 46. Kf2 Ra8 47.
Ra4+ Kd5 48. Bd3 Ra7 49. Ke3 g5 50. hxg5 hxg5 51. Ra1 Ke6 52. Rh1 Nf7 53. Rh7
Kd5 54. Bg6 Rxa6 55. Bxf7+ Kc5 56. Rh5 1-0

[Event "Druzynowe Mistrzostwa Polski II Liga"]
[Site "Szklarska Poreba"]
[Date "1899-12-30"]
[Round "3.96"]
[White "Sandor, Aleksandra"]
[Black "Cichocka, Katarzyna"]
[Result "1-0"]
[WhiteTitle "I++"]
[BlackTitle "I++"]
[WhiteElo "1905"]
[BlackElo "1608"]

1. e4 c5 2. Nf3 d6 3. c3 Nf6 4. Bd3 Nc6 5. O-O Bg4 6. h3 Bh5 7. Re1 e6 8. Bc2 Be7
9. d3 O-O 10. Bg5 h6 11. Bh4 Ne5 12. Nbd2 Re8 13. d4 Nxf3+ 14. Nxf3 Qb6 15. e5
dxe5 16. g4 Bg6 17. Bxg6 fxg6 18. Nxe5 cxd4 19. Nxg6 dxc3 20. Nxe7+ Rxe7 21. bxc3
Rf7 22. Qb3 Qxb3 23. axb3 Nd5 24. c4 Nf4 25. Kh2 a6 26. Bg3 Re8 27. Bxf4 Rxf4
28. Kg2 Rd4 29. Rad1 Rxd1 30. Rxd1 Re7 31. Kf3 Kf7 32. Ke4 Kf6 33. Rd3 Kf7 34.
Ke5 Ke8 35. Rd6 Kf7 36. Rb6 Rd7 37. f4 Re7 38. h4 g6 39. g5 h5 40. b4 Rc7 41.
c5 a5 42. Kd6 Rc6+ 43. Rxc6 bxc6 44. bxa5 1-0

[Event "Druzynowe Mistrzostwa Polski II Liga"]
[Site "Szklarska Poreba"]
[Date "1899-12-30"]
[Round "3.97"]
[White "Voloshin, Leonid"]
[Black "Gierulski, Kamil"]
[Result "1-0"]
[WhiteTitle "GM"]
[BlackTitle "k+"]
[WhiteElo "2345"]
[BlackElo "2219"]

1. d4 d5 2. c4 c6 3. e3 Nf6 4. Nc3 e6 5. Nf3 Nbd7 6. Qc2 Bd6 7. Be2 O-O 8. b3 b6
9. O-O Bb7 10. Bb2 Qe7 11. Rfd1 Rac8 12. e4 dxe4 13. Nxe4 Nxe4 14. Qxe4 f5 15.
Qe3 Nf6 16. Ne5 c5 17. dxc5 Bxc5 18. Bd4 Rfd8 19. Bxc5 bxc5 20. f3 Qc7 21. Rxd8+
Rxd8 22. Nd3 Bc8 23. Qxc5 Qb8 24. Rd1 Bb7 25. Qe5 Qc8 26. Nc5 Re8 27. Qd6 e5 28.
Nd7 Nxd7 29. Qxd7 Qc5+ 30. Kf1 1-0

[Event "Druzynowe Mistrzostwa Polski II Liga"]
[Site "Szklarska Poreba"]
[Date "1899-12-30"]
[Round "3.98"]
[White "Ziemniak, Piotr"]
[Black "Pajak, Jakub"]
[Result "0-1"]
[WhiteTitle "I"]
[BlackTitle "I++"]
[WhiteElo "1801"]
[BlackElo "1922"]

1. e4 c5 2. Nf3 Nc6 3. d4 cxd4 4. Nxd4 g6 5. Nc3 Bg7 6. Be3 Nf6 7. Nxc6 bxc6 8.
e5 Ng8 9. f4 Nh6 10. Bc4 O-O 11. Qd2 d6 12. exd6 exd6 13. O-O-O Nf5 14. Bf2 c5
15. g4 Nd4 16. f5 Bb7 17. Nd5 Rb8 18. c3 Nf3 19. Qf4 Bxd5 20. Bxd5 Qb6 21. b3
Ne5 22. f6 Bh8 23. g5 Qa5 24. Qd2 c4 25. b4 Nd3+ 26. Kb1 Qxd5 27. h4 Qf5 28. Bxa7
Nxb4+ 29. Kb2 Nd3+ 30. Ka1 Rb2 31. Qxb2 Nxb2 32. Kxb2 h6 33. Rhg1 Ra8 34. Bd4
0-1

[Event "Druzynowe Mistrzostwa Polski II Liga"]
[Site "Szklarska Poreba"]
[Date "1899-12-30"]
[Round "3.99"]
[White "Sielicki, Tomasz"]
[Black "Wozniak, Grzegorz"]
[Result "1-0"]
[WhiteTitle "I++"]
[BlackTitle "I"]
[WhiteElo "1968"]
[BlackElo "1694"]

1. d4 d5 2. Bf4 Nf6 3. e3 e6 4. c3 Bd6 5. Bg3 Ne4 6. Nd2 f5 7. Ngf3 O-O 8. Bd3
Nd7 9. c4 Ndf6 10. Ne5 Nxg3 11. hxg3 Bxe5 12. dxe5 Ng4 13. Nf3 c6 14. Qc2 Qa5+
15. Ke2 h6 16. c5 b6 17. Rhc1 bxc5 18. Qxc5 Qxc5 19. Rxc5 Bd7 20. Ra5 Rfc8 21.
Rc1 Rc7 22. b4 Rb7 23. a3 Rb6 24. Ba6 g5 25. Rc2 Be8 26. Nd4 Nxe5 27. f4 Nf7 28.
Nxe6 gxf4 29. gxf4 Nd6 30. Bd3 Rb7 31. Nd4 Rc7 32. Rxd5 Bh5+ 33. Kf2 cxd5 34.
Rxc7 Ne4+ 35. Bxe4 fxe4 36. Nf5 Rd8 37. Nxh6+ Kf8 38. g4 Be8 39. g5 a6 40. f5
Rd7 41. Rxd7 Bxd7 42. Kg3 Kg7 43. Kf4 Ba4 44. Ke5 Bb3 45. Ng4 1-0

[Event "Druzynowe Mistrzostwa Polski II Liga"]
[Site "Szklarska Poreba"]
[Date "1899-12-30"]
[Round "3.100"]
[White "Nowakowski, Jacek"]
[Black "Koziol, Pawel"]
[Result "0-1"]
[WhiteTitle "II+"]
[BlackTitle "I++"]
[WhiteElo "1583"]
[BlackElo "1910"]

1. Nf3 g6 2. e3 Bg7 3. c4 d6 4. Nc3 Nf6 5. d4 O-O 6. Be2 Nbd7 7. O-O e5 8. b3 Re8
9. Bb2 e4 10. Nd2 Nf8 11. d5 Qe7 12. Nb5 h5 13. Rb1 N8h7 14. Nd4 h4 15. Re1 Ng5
16. f4 exf3 17. Bxf3 Nxf3+ 18. gxf3 Nh5 19. Kh1 Bh3 20. Ne4 Be5 21. Nf2 Bd7 22.
f4 Bg7 23. Nf3 Bf5 24. e4 Bxb2 25. Rxb2 Bd7 26. Qd2 Qf6 27. Nd3 Bg4 28. e5 0-1

[Event "Druzynowe Mistrzostwa Polski II Liga"]
[Site "Szklarska Poreba"]
[Date "1899-12-30"]
[Round "3.101"]
[White "Szymczak, Rafal"]
[Black "Augustyn, Jan"]
[Result "1-0"]
[WhiteTitle "k"]
[BlackTitle "II"]
[WhiteElo "1956"]
[BlackElo "1728"]

1. f4 d5 2. Nf3 g6 3. g3 Bg7 4. Bg2 Nh6 5. d3 O-O 6. O-O c5 7. c3 Nc6 8. e4 dxe4
9. dxe4 e5 10. h3 Qxd1 11. Rxd1 f5 12. Nxe5 Nxe5 13. fxe5 fxe4 14. g4 Nf7 15.
Bxe4 Nxe5 16. Be3 Be6 17. Nd2 c4 18. Bd4 Rf7 19. Rf1 Nc6 20. Bxg7 Rxf1+ 21. Rxf1
Kxg7 22. Re1 Bf7 23. Kf2 Rd8 24. Nf3 Bd5 25. Ng5 h6 26. Rd1 Rf8+ 27. Kg3 hxg5
28. Rxd5 Re8 29. Rd7+ Kf6 30. Rd6+ Re6 31. Rxe6+ Kxe6 32. Bxg6 Ne5 33. Be4 b5
34. h4 gxh4+ 35. Kxh4 Kf6 36. g5+ Kg7 37. Kg3 a5 38. Kf4 Nf7 39. Bd5 Nd6 40. Ke5
Nc8 41. Be4 Nb6 42. Bc2 Kf7 43. Kd6 b4 44. Kc6 Nc8 45. Kc5 b3 46. axb3 cxb3 47.
Bxb3+ Kg6 48. Be6 Ne7 49. Kd6 1-0

[Event "Druzynowe Mistrzostwa Polski II Liga"]
[Site "Szklarska Poreba"]
[Date "1899-12-30"]
[Round "3.102"]
[White "Polak, Sylwia"]
[Black "Baranska, Monika"]
[Result "0-1"]
[WhiteTitle "I"]
[BlackTitle "I++"]
[WhiteElo "1371"]
[BlackElo "1735"]

1. d4 d5 2. c4 e6 3. Nc3 Nf6 4. e3 c6 5. Nf3 Be7 6. Bd3 O-O 7. O-O Nbd7 8. Bd2
dxc4 9. Bxc4 b5 10. Be2 Bb7 11. Rc1 a6 12. Qc2 c5 13. b3 Rc8 14. Qb1 Qb6 15. dxc5
Nxc5 16. b4 Nce4 17. Nxe4 Bxe4 18. Qb2 Qb7 19. Rfd1 Rfd8 20. Ne1 Nd5 21. f3 Bf6
22. Qb3 Bg6 23. e4 Nb6 24. Be3 h6 25. Nd3 Nd7 26. Nf4 Nf8 27. Bc5 Bg5 28. Nxg6
Nxg6 29. Rb1 Bf4 30. a4 Qb8 31. h3 Bd6 32. Be3 Nf4 33. Bf1 Be5 34. Rxd8+ Rxd8
35. Rc1 Qb7 36. Qc2 Qe7 37. axb5 axb5 38. Bc5 Qg5 39. Kh1 Nxh3 40. gxh3 Rd2 0-1

[Event "Druzynowe Mistrzostwa Polski II Liga"]
[Site "Szklarska Poreba"]
[Date "1899-12-30"]
[Round "4.1"]
[White "Kislinsky, Alexey"]
[Black "Zylka, Stanislaw"]
[Result "1-0"]
[WhiteTitle "GM"]
[BlackTitle "FM"]
[WhiteElo "2505"]
[BlackElo "2344"]

1. e4 e5 2. Nf3 Nc6 3. Nc3 Nf6 4. Bb5 Bd6 5. a3 O-O 6. d3 Re8 7. Bc4 Bc5 8. Bg5
h6 9. Bxf6 Qxf6 10. Nd5 Qd8 11. g4 d6 12. Rg1 Na5 13. Ba2 c6 14. Ne3 d5 15. b4
Bd4 16. Rb1 Be6 17. exd5 cxd5 18. bxa5 Bxe3 19. fxe3 e4 20. dxe4 Qxa5+ 21. Qd2
Qxa3 22. Bb3 dxe4 23. Nd4 Rad8 24. Bxe6 fxe6 25. Rb3 Qe7 26. Qg2 e5 27. Nf5 Qd7
28. Qe2 Rf8 29. Rb4 a5 30. Rxe4 a4 31. Rxe5 a3 32. Ra5 g6 1-0